[Event "14'  Festa Regionale degli Scacchi"]
[Site "?"]
[Date "2017.12.17"]
[Round "?"]
[White "Giacometti Franco"]
[Black "Giache' Gianluca"]
[Result "1-0"]
[WhiteElo "2034"]
[BlackElo "1862"]
[PlyCount "57"]
[EventDate "2017.??.??"]

1. d4 g6 2. c4 Bg7 3. Nc3 c5 4. d5 Bxc3+ 5. bxc3 f5 6. e3 Qa5 7. Qc2 Nf6 8. Bd3
d6 9. Rb1 Nbd7 10. Nf3 Nb6 11. Rb5 Qa4 12. Qe2 Bd7 13. Rb3 Qa5 14. O-O Na4 15.
e4 fxe4 16. Bxe4 O-O-O 17. Bc2 Rde8 18. Ng5 b5 19. Rd1 Nxc3 20. Rxc3 Qxc3 21.
cxb5 Qb4 22. Bd2 Bxb5 23. Bd3 Bxd3 24. Qxd3 Qa4 25. Rb1 Nd7 26. h4 Nb6 27. Ne6
Qc4 28. Qa3 Qxd5 29. Qxa7 1-0